Circunstancias modificativas de la responsabilidad criminal y enfermedad mental

Bibliographic Details
Main Author: Al-Fawal Portal, Miryam
Format: eBook
Language:Spanish
Published: Barcelona : J.M. Bosch Editor, 2013
Subjects:
Online Access:http://www.vlex.es/source/11234

MARC

LEADER 00000nam a22000007a 4500
005 20130607162220.0
007 cr|||| ||||
008 130607e2013 sp |||||s|||| 00||0 spa d
020 |a 978-84-940751-9-3 
035 |a 11234 
040 |a vLex 
090 |c 4289  |d 4289 
100 1 0 |a Al-Fawal Portal, Miryam  
245 1 0 |a Circunstancias modificativas de la responsabilidad criminal y enfermedad mental  |c / Miryam Al-Fawal Portal  |h [Recurso electrn̤ico]  
256 |a Servicio en ln̕ea 
260 |a Barcelona :  |b J.M. Bosch Editor,   |c 2013 
300 |a 1 Recurso electrn̤ico 
506 |d vLex Global  |d vLex Global (Academic Edition, excluding Law Schools)  |d vLex Global (U.S. Academic Edition, Law Schools)  |d vLex Global (U.S. Academic Edition, excluding Law Schools)  |d vLex Global (Academic Edition, Law Schools) 
650 4 |a Derecho penal  |z Espaą 
650 4 |a Discapacidad  |z Espaą 
740 |a vLex Libros (Servicio en ln̕ea) 
856 |a Acceso restringido  |u http://www.vlex.es/source/11234 
942 |c BOOK 
999 0 |a Criminal law